000 00442nam a22001577a 4500
003 OSt
005 20140310182458.0
008 130806t xxu||||| |||| 00| 0 eng d
020 _a0071114726
050 _aQR 46
_b.L665 2004
245 _aMedical microbiology & immunology :
_bexamination and board review /
_cWarren Levinson.
260 _aUSA :
_bMcGraw-Hill Inc.,
_c2004
300 _ax. 644 p. ;
942 _2lcc
_cSSLC
999 _c13778
_d13778